00513pab a2200157 454500008004000000100002400040245012600064260000900190300001300199362001200212650004000224650003800264650001100302700001600313773002600329180718b2003 xxu||||| |||| 00| 0 eng d aMahajan, Sanjeev K. aEvaluation of training programmes and process of non-gazetted police officers in India - a case study of Himachal Pradesh c2003 ap.27-53. aOct-Dec aTraining - India - Himachal Pradesh aPolice - India - Himachal Pradesh aPolice aSingh, Amar aIndian Police Journal